000 00342nam a2200133Ia 4500
008 151213s9999 xx 000 0 und d
100 _aRidwan Ali
245 _aSrilankas Rubber Industry
_cRidwan Ali
260 _aWashington D. C
_bThe World Book
_c1997
300 _a1962 p.
650 _aReference
700 _aRidwan Ali
999 _c1431
_d1431